OECD Factbook 2008 : Economic, Environmental and Social Statistics /

সংরক্ষণ করুন:
গ্রন্থ-পঞ্জীর বিবরন
সংস্থা লেখক: OCDE
অন্যান্য লেখক: Gurría Treviño, José Angel (prólogo) (prólogo)
বিন্যাস: গ্রন্থ
ভাষা:ইংরেজি
প্রকাশিত: París, Francia : OCDE, 2008, c2008
বিষয়গুলি:
ট্যাগগুলো: ট্যাগ যুক্ত করুন
কোনো ট্যাগ নেই, প্রথমজন হিসাবে ট্যাগ করুন!

MARC

LEADER 00000nam^a2200000^a^4500
001 000285604
005 20250521000000.0
009 20260310111742.248
020 |a 978-92-64-04054-0 
037 |a Acervo ITESO - Biblioteca 
041 |a ING 
082 |a 310. 3  |b OCDE FAC 2008 
110 |a OCDE 
240 1 1 |a [OECD Factbook] 
245 1 0 |a OECD Factbook 2008 :  |b Economic, Environmental and Social Statistics /  |c OCDE ; pról. de J.A. Gurría Treviño ; pref. de Enrico Giovannini. 
264 4 |a París, Francia :  |b OCDE,  |c 2008, c2008 
300 |a 294 p. 
336 |a texto  |b txt  |2 rdacontenido 
337 |a sin mediación  |b n  |2 rdamedio 
338 |a volumen  |b nc  |2 rdasoporte 
649 |a XX 
650 |a Estadística Vital 
650 |a Migración -  |x Estadísticas 
650 |a Empleo y Desempleo -  |x Estadísticas 
650 |a Precios -  |x Estadísticas 
650 |a Recursos Energéticos -  |x Estadísticas 
650 |a Recursos Naturales -  |x Estadísticas 
650 |a Desarrollo Tecnológico -  |x Estadísticas 
650 |a Ciencia -  |x Estadísticas 
650 |a Globalización -  |x Estadísticas 
650 |a Medio Ambiente -  |x Estadísticas -  |x Tema Principal 
650 |a Educación -  |x Estadísticas 
650 |a Finanzas Públicas -  |x Estadísticas 
650 |a Calidad de Vida -  |x Estadísticas -  |x Tema Principal 
650 |a Economía -  |x Estadísticas -  |x Tema Principal 
650 |a Economía Internacional -  |x Historia -  |y 2000-2009 -  |x Tema Principal 
700 |a Gurría Treviño, José Angel  |e (prólogo) 
910 |a Fondo General 
920 |a Impresos - Libros 
930 |a Obras de Referencia 
905 |a 102 
901 |a 0500172035  |b IT2  |c REF  |u 20250521 
902 |a https://opac.biblio.iteso.mx/vufind/Record/000285604